Théorie pure du droit (Registro nro. 312055)

Detalles MARC
000 -ENCABEZADO
Número de control [NR] 00547 a2200181 4500
005 - FECHA Y HORA DE LA ÚLTIMA TRANSACCIÓN
control field 20190806102632.0
008 - DE LONGITUD FIJA DE DATOS DE ELEMENTOS - INFORMACIÓN GENERAL
Elementos de longitud fija [NR] 190528b1962 fr ||||| |||| 00| 0 fre d
020 ## - NUMERO INTERNACIONAL NORMALIZADO PARA LIBROS [R]
Número Internacional Normalizado del libro [NR] 2247003737
040 ## - FUENTE DE CATALOGACION [NR]
Agencia de catalogación original [NR] CO-BoUCM
Idioma de catalogación [NR] spa
Quien Cataloga Juan Jose Mateus
Quien Clasifica Juan Jose Mateus
041 1# - CODIGO DE IDIOMA [R]
Código de idioma para texto/pista de sonido o título separado [R] Francés
100 1# - ASIENTO PRINCIPAL--NOMBRE PERSONAL [NR]
Nombre personal [NR] Kelsen, Hans
ID Autoridad 2042
245 10 - MENCION DE TITULO [NR]
Título [NR] Théorie pure du droit
Mención de responsabilidad, etc. [NR] Hans Kelsen
260 ## - PUBLICACION, DISTRIBUCION, ETC. (PIE DE IMPRENTA) [R]
Nombre del editor, distribuidor, etc. [R] Dalloz
Fecha de publicación, distribución, etc. [R] 1962
Lugar de publicación, distribución, etc. [R] Paris
650 #7 - ASIENTO SECUNDARIO DE MATERIA - TERMINO TEMATICO [R]
9 (RLIN) 7494
Término temático o nombre geográfico como elemento de entrada [NR] Derecho
700 10 - ASIENTO SECUNDARIO - NOMBRE PERSONAL [R]
Nombre personal [NR] Eisenmann, Charles
9 (RLIN) 96500
942 ## - ELEMENTOS DE ENTRADA AGREGADOS (KOHA)
Tipo de ítem principal el descrito en 300a Libro
Sistema de clasificación DEWEY
Tema principal Ciencia política
Edición 2
Clasificación 340.1
Parte restante de la signatura top. K299t
Título oculto en OPAC No
Existencias
Total préstamos Signatura topográfica Código de barras Última vez visto Ejemplar Costo de reposición Price effective from Tipo de ítem Perdido Sistema de clasificación Dañado No prestable Tipo de ítem específico Suprimido Ubicación habitual Ubicación actual Localización Fecha de creación Proveedor Forma de adquisición Costo
  340.1 K299p 100159894 09/12/2024 Ej.1 26000.00 29/04/2019 Libro   DEWEY     Libro   BodegaJK Claustro Préstamo 2 días después de solicitado 29/04/2019 12 Donación 0.00